Strategic Management Of Information Systems (Record no. 43066)

MARC details
000 -LEADER
fixed length control field 00318nam a2200121Ia 4500
008 - FIXED-LENGTH DATA ELEMENTS--GENERAL INFORMATION
fixed length control field 241028s9999 xx 000 0 und d
041 ## - LANGUAGE CODE
Language code of text/sound track or separate title eng
082 ## - DEWEY DECIMAL CLASSIFICATION NUMBER
Classification number 658.4038 PEA
100 ## - MAIN ENTRY--PERSONAL NAME
Personal name Pearlson
245 ## - TITLE STATEMENT
Title Strategic Management Of Information Systems
260 ## - PUBLICATION, DISTRIBUTION, ETC.
Name of publisher, distributor, etc. Wiley India
Place of publication, distribution, etc. New Delhi
Date of publication, distribution, etc. 2016
300 ## - PHYSICAL DESCRIPTION
Extent 401;. P. 23 cm
Holdings
Withdrawn status Lost status Damaged status Not for loan Home library Current library Shelving location Date acquired Cost, normal purchase price Full call number Barcode Date last seen Cost, replacement price Price effective from Koha item type
        IMTN IMTN Rack 29-A 07/03/2024 512.85 658.4038 PEA 33495 10/28/2024 789.00 10/28/2024 Books
Designed & Maintained by: LRC IMT Nagpur Contact: lrc@imtnag.ac.in© 2024. All Rights Reserved.